LEADER 02987nam 22008175 450 001 9910450927503321 005 20210114044022.0 010 $a1-281-36304-9 010 $a9786611363048 010 $a0-230-60484-6 024 7 $a10.1057/9780230604841 035 $a(CKB)1000000000342415 035 $a(EBL)307984 035 $a(OCoLC)647663071 035 $a(SSID)ssj0001617540 035 $a(PQKBManifestationID)16347550 035 $a(PQKBTitleCode)TC0001617540 035 $a(PQKBWorkID)14921842 035 $a(PQKB)11612343 035 $a(DE-He213)978-0-230-60484-1 035 $a(MiAaPQ)EBC307984 035 $a(EXLCZ)991000000000342415 100 $a20151222d2007 u| 0 101 0 $aeng 135 $aur|n|---||||| 181 $ctxt 182 $cc 183 $acr 200 10$aModern Jewish Women Writers in America$b[electronic resource] /$fedited by Evelyn Avery 210 1$aNew York :$cPalgrave Macmillan US :$cImprint: Palgrave Macmillan,$d2007. 215 $a1 online resource (289 p.) 300 $aDescription based upon print version of record. 311 $a1-349-53802-7 311 $a1-4039-7799-2 327 $aCover; Table of Contents; Preface; Modern Jewish Women Writers in America: An Introduction; I: The Early Years-In Search of the Promised Land: 1910s-1950s; II: The Roads Diverge-Assimilation and Its Discontents: 1960s-1990s; III: The Covenant Confirmed? 1990s-2000; IV: Into the Twenty-First Century: The Pendulum Swings; Select Annotated Bibliography of Contemporary Jewish American Women Writers; Contributors; Index 330 $aThis collection includes groundbreaking essays, and interviews with scholars and writers which reveal that despite pressures of assimilation, personal goals, and in some cases, anti-Semitism, they have never been able to divorce their lives or literature from their heritage. 606 $aSocial sciences 606 $aTheology 606 $aJudaism 606 $aLiterature 606 $aSociology 606 $aSex (Psychology) 606 $aGender expression 606 $aGender identity 606 $aSocial Sciences 606 $aGender Studies 606 $aChristian Theology 606 $aLiterature, general 606 $aJudaism 606 $aNorth American Literature 607 $aAmerica$xLiteratures 615 0$aSocial sciences. 615 0$aTheology. 615 0$aJudaism. 615 0$aLiterature. 615 0$aSociology. 615 0$aSex (Psychology). 615 0$aGender expression. 615 0$aGender identity. 615 14$aSocial Sciences. 615 24$aGender Studies. 615 24$aChristian Theology. 615 24$aLiterature, general. 615 24$aJudaism. 615 24$aNorth American Literature. 676 $a810.98924 702 $aAvery$b Evelyn 906 $aBOOK 912 $a9910450927503321 996 $aModern Jewish Women Writers in America$92096167 997 $aUNINA LEADER 03516nam 2200697Ia 450 001 9910450228503321 005 20200520144314.0 010 $a1-281-87712-3 010 $a9786611877125 010 $a981-256-572-8 035 $a(CKB)1000000000247256 035 $a(EBL)239612 035 $a(OCoLC)475950931 035 $a(SSID)ssj0000221246 035 $a(PQKBManifestationID)11203317 035 $a(PQKBTitleCode)TC0000221246 035 $a(PQKBWorkID)10157742 035 $a(PQKB)10125666 035 $a(MiAaPQ)EBC239612 035 $a(WSP)00005476 035 $a(Au-PeEL)EBL239612 035 $a(CaPaEBR)ebr10091231 035 $a(CaONFJC)MIL187712 035 $a(OCoLC)936911087 035 $a(EXLCZ)991000000000247256 100 $a20050202d2004 uy 0 101 0 $aeng 135 $aur|n|---||||| 181 $ctxt 182 $cc 183 $acr 200 00$aPhotoinduced phase transitions$b[electronic resource] /$feditor, K. Nasu 210 $aSingapore ;$aHackensack, NJ $cWorld Scientific$dc2004 215 $a1 online resource (354 p.) 300 $aDescription based upon print version of record. 311 $a981-238-763-3 320 $aIncludes bibliographical references and index. 327 $aPreface; Contents; Chapter 1 Theories for Photoinduced Structural Phase Transitions and their Dynamics Keiichiro Nasu; Chapter 2 Time-Resolved Spectroscopy of the Dynamics of Photoinduced Ionic-to-Neutral Phase Transition in Tetrathiafulvalen-P-Chloranil Crystals Katsumi Tanimura; Chapter 3 Study on the Cooperative Photoinduced Low-Spin to High-Spin State Conversion Processes Osamu Sakai and Tetsuo Ogawa; Chapter 4 Femtosecond Dynamics of the Photo-Induced Lattice Rearrangements in Quasi-One-Dimensional Halogen-Bridged Platinum Complexes Tohru Suemoto, Shinichi Tomimoto and Taira Matsuoka 327 $aChapter 5 Monte Carlo Simulations on Ising-Like Models for Photoinduced Phase Transitions Tohru Kawamoto and Shuji AbeChapter 6 Photoinduced Phase Transitions in One-Dimensional Correlated Electron Systems Hiroshi Okamoto, Shin-ichiro Iwai and Hiroyuki Matsuzaki; Chapter 7 Probing Photoinduced Structural Phase Transitions by Fast or Ultra-Fast Time-Resolved X-Ray Diffraction Herve Cailleau, Eric Collet, Marylise Buron-Le Cointe, Marie-Helene Lemee-Cailleau and; Index 330 $aA new class of insulating solids was recently discovered. Whenirradiated by a few visible photons, these solids give rise to amacroscopic excited domain that has new structural and electronicorders quite different from the starting ground state. This occurrenceis called ""photoinduced phase transition"", and this multi-authoredbook reviews recent theoretical and experimental studies of this newphenomenon. 606 $aExciton theory 606 $aPhase transformations (Statistical physics) 606 $aCharge transfer$xResearch 606 $aIonic crystals$xSpectra 606 $aHigh spin physics 608 $aElectronic books. 615 0$aExciton theory. 615 0$aPhase transformations (Statistical physics) 615 0$aCharge transfer$xResearch. 615 0$aIonic crystals$xSpectra. 615 0$aHigh spin physics. 676 $a530.4/14 676 $a530.474 701 $aNasu$b K$g(Keiichiro?),$f1946-$01000018 801 0$bMiAaPQ 801 1$bMiAaPQ 801 2$bMiAaPQ 906 $aBOOK 912 $a9910450228503321 996 $aPhotoinduced phase transitions$92295568 997 $aUNINA LEADER 01018nam a2200277 i 4500 001 991000281209707536 005 20020509164525.0 008 981210s1967 it 00| 0 ita d 035 $ab11335701-39ule_inst 035 $aPARLA205367$9ExL 040 $aDip.to Filosofia$bita 082 0 $a176 082 0 $a200 100 1 $aBalestro, Piero$0482511 245 10$aSesso e persona :$bverso una nuova etica sessuale? /$cPiero Balestro 260 $aMilano :$bBompiani,$c1967 300 $a218 p. ;$c22 cm 440 3$aLa ricerca religiosa.$pStudi e testi 650 4$aMorale sessuale 907 $a.b11335701$b21-09-06$c01-07-02 912 $a991000281209707536 945 $aLE005 200 BAL03. 01$g1$i2005000028960$lle005$o-$pE0.00$q-$rl$s- $t0$u0$v0$w0$x0$y.i11509399$z01-07-02 945 $aLE022 CBS 402$g1$i2022000102315$lle022$o-$pE0.00$q-$rl$s- $t0$u0$v0$w0$x0$y.i13546685$z22-06-04 996 $aSesso e persona$9823607 997 $aUNISALENTO 998 $ale005$ale022$b01-01-98$cm$da $e-$fita$git $h0$i1